[Event "Teresina Nordeste Cup"]
[Site "Teresina"]
[Date "2022.07.22"]
[Round "2"]
[White "Barbosa, Matheus H De Alenca"]
[Black "Do Nascimento, Raira Graciany G"]
[Result "1-0"]
[WhiteElo "1478"]
[BlackElo "1761"]
[PlyCount "95"]
[EventDate "2022.07.22"]
[EventType "swiss"]
[EventRounds "6"]
[EventCountry "BRA"]
[SourceTitle "CBM 209 Extra"]
[Source "ChessBase"]
[SourceDate "2022.09.30"]
[SourceVersion "1"]
[SourceVersionDate "2022.09.30"]
[SourceQuality "1"]

1. e4 e5 2. Nf3 Nc6 3. Bb5 Nf6 4. 0-0 d6 5. d4 Bd7 6. dxe5 dxe5 7. Bxc6 Bxc6 8. Qxd8+ Rxd8 9. Nxe5 Nxe4 10. Nxc6 bxc6 11. Re1 Rd4 12. Nc3 f5 13. f3 Bc5 14. Kh1 Bb4 15. fxe4 fxe4 16. Rxe4+ Rxe4 17. Nxe4 0-0 18. Bd2 Bxd2 19. Nxd2 h6 20. Rf1 c5 21. Rxf8+ Kxf8 22. Ne4 c4 23. Nd2 Ke7 24. Nxc4 Kd7 25. Kg1 Kc6 26. Kf2 a6 27. Ke3 Kb5 28. b3 a5 29. Kd4 c6 30. Nd6+ Kb6 31. Ne8 Kb5 32. a3 g5 33. c4+ Kb6 34. Ke5 c5 35. Kf6 Kc6 36. Kg6 h5 37. Kxg5 Kd7 38. Nf6+ Kd6 39. Nxh5 Ke5 40. Nf6 Kd4 41. Nd5 Kd3 42. h4 Kc2 43. b4 axb4 44. axb4 cxb4 45. Nxb4+ Kc3 46. c5 Kxb4 47. c6 Kc5 48. c7 1-0